Cost planning of buildings /

Guardat en:
Dades bibliogràfiques
Autor principal: Ferry, Douglas J.
Format: Llibre
Idioma:English
Publicat: Malden, Mass. : Blackwell Science, 1999.
Edició:7th edition.
Matèries:
Etiquetes: Afegir etiqueta
Sense etiquetes, Sigues el primer a etiquetar aquest registre!
Thư viện lưu trữ: Mạng thư viện Đại học Đà Nẵng
LEADER 01087cam a2200349 i 4500
001 000046464
003 5934
005 20030409095503.0
008 010220|1999 vm 000 eng
020 |a 0632042516 (pbk.) 
040 |a IRC  |c IRC  |d IRC 
041 0 |a eng 
082 1 4 |a 692  |b FE-D 
100 1 |a Ferry, Douglas J.  |q (Douglas John) 
245 0 0 |a Cost planning of buildings /  |c Douglas J. (Douglas John) Ferry. 
250 |a 7th edition. 
260 |a Malden, Mass. :  |b Blackwell Science,  |c 1999. 
300 |a xi, 376p. 
630 0 4 |a Building. 
650 0 4 |a Building  |x Estimates. 
OWN |a DUT 
AVA |a UDN50  |b DUT  |c Book  |d 692 FE-D  |e available  |t Error 5001 Not defined in file expand_doc_bib_avail.  |f 1  |g 0  |h N  |i 0  |j SH  |k 1 
999 |a From the UDN01 
AVA |a UDN50  |b DUT  |c Book  |d 692 FE-D  |e available  |t Error 5001 Not defined in file expand_doc_bib_avail.  |f 1  |g 0  |h N  |i 0  |j SH  |k 1 
TYP |a Monograph 
TYP |a Printed language 
980 |a Mạng thư viện Đại học Đà Nẵng